<?xml version="1.0" encoding="UTF-8"?>
<record
    xmlns:xsi="http://www.w3.org/2001/XMLSchema-instance"
    xsi:schemaLocation="http://www.loc.gov/MARC21/slim http://www.loc.gov/standards/marcxml/schema/MARC21slim.xsd"
    xmlns="http://www.loc.gov/MARC21/slim">

  <leader>00901nam a2200229 i 4500</leader>
  <controlfield tag="001">123673</controlfield>
  <controlfield tag="003">ES-MaACL</controlfield>
  <controlfield tag="005">20230906192222.0</controlfield>
  <controlfield tag="007">t|</controlfield>
  <controlfield tag="008">070214s1963    sp f         |||| | spa d</controlfield>
  <datafield tag="080" ind1=" " ind2=" ">
    <subfield code="a">914.621.1 Pe&#xF1;alba</subfield>
  </datafield>
  <datafield tag="080" ind1=" " ind2=" ">
    <subfield code="a">726.75(460.181 Pe&#xF1;alba)</subfield>
  </datafield>
  <datafield tag="100" ind1="1" ind2=" ">
    <subfield code="a">Quintana Prieto, Augusto.</subfield>
    <subfield code="9">94694</subfield>
  </datafield>
  <datafield tag="245" ind1="1" ind2="0">
    <subfield code="a">Pe&#xF1;alba </subfield>
    <subfield code="b">: estudio hist&#xF3;rico sobre el monasterio / </subfield>
    <subfield code="c">Augusto Quintana Prieto.</subfield>
  </datafield>
  <datafield tag="246" ind1="3" ind2="3">
    <subfield code="a">Pe&#xF1;alba </subfield>
    <subfield code="b">: estudio hist&#xF3;rico sobre el monasterio berciano de Santiago de Pe&#xF1;alba</subfield>
  </datafield>
  <datafield tag="260" ind1=" " ind2=" ">
    <subfield code="a">Le&#xF3;n : </subfield>
    <subfield code="b">[Servicio de Publicaciones, Diputaci&#xF3;n Provincial de Le&#xF3;n],</subfield>
    <subfield code="c">1963 (</subfield>
    <subfield code="f">Imp. Provincial)</subfield>
  </datafield>
  <datafield tag="300" ind1=" " ind2=" ">
    <subfield code="a">IV, 128 p., 22 l&#xE1;m. ; </subfield>
    <subfield code="c">24 cm.</subfield>
  </datafield>
  <datafield tag="610" ind1="2" ind2="4">
    <subfield code="a">Monasterio de Santiago de Pe&#xF1;alba.</subfield>
    <subfield code="9">162019</subfield>
  </datafield>
  <datafield tag="651" ind1=" " ind2="4">
    <subfield code="a">Pe&#xF1;alba de Santiago-</subfield>
    <subfield code="x">Descripci&#xF3;n.</subfield>
    <subfield code="9">162020</subfield>
  </datafield>
  <datafield tag="710" ind1="1" ind2=" ">
    <subfield code="a">Le&#xF3;n (Provincia). </subfield>
    <subfield code="b">Diputaci&#xF3;n Provincial.</subfield>
    <subfield code="9">5494</subfield>
  </datafield>
  <datafield tag="852" ind1=" " ind2=" ">
    <subfield code="a">ES-MaACL</subfield>
    <subfield code="j">C-23802</subfield>
  </datafield>
  <datafield tag="999" ind1=" " ind2=" ">
    <subfield code="c">123673</subfield>
    <subfield code="d">123673</subfield>
  </datafield>
  <datafield tag="952" ind1=" " ind2=" ">
    <subfield code="0">0</subfield>
    <subfield code="1">0</subfield>
    <subfield code="4">0</subfield>
    <subfield code="7">0</subfield>
    <subfield code="a">ATENEOM</subfield>
    <subfield code="b">ATENEOM</subfield>
    <subfield code="c">DEPO2</subfield>
    <subfield code="d">2008-01-17</subfield>
    <subfield code="e">SC</subfield>
    <subfield code="l">0</subfield>
    <subfield code="o">C-23802</subfield>
    <subfield code="p">1128852</subfield>
    <subfield code="r">2023-02-23 00:00:00</subfield>
    <subfield code="w">2023-02-23</subfield>
    <subfield code="y">MONOGRAFIA</subfield>
  </datafield>
</record>
